• 首页
  • 本馆介绍
  • 公告通知
  • 最新文献
  • 馆藏检索
  • 电子资源
  • 读者导购
  • 参考咨询
  • 我的图书馆
  • 登录
  • 详细信息显示
  • 放入我的书架
  • 预约/预借图书
  • 作者相关作品
  • 分类相关作品
  • 丛书相关作品
  • 出版社相关作品

书目信息

  • 表格格式
  • 工作单格式
  • 卡片格式
题名:
生态水景观设计
    
 
作者: 潘召南 编著
分册:  
出版信息: 重庆   西南师范大学出版社  2008.06
页数: 108页
开本: 29cm
丛书名: 全国高等院校环境艺术设计专业规划教材
单 册:
中图分类: TU986.4
科图分类:
主题词: 理水 (园林)--li shui ( yuan lin )--景观设计--高等学校--教材
电子资源:
ISBN: 978-7-5621-4071-9
000 01053nam 2200253 450
001 2380984210
005 20231126222955.77
010    @a978-7-5621-4071-9@dCNY45.00@z7-5621-4071-5
100    @a20080802d2008 em y0chiy50 ea
101 0  @achi
102    @aCN@b500000
105    @aa a 000yy
200 1  @a生态水景观设计@Asheng tai shui jing guan she ji@f潘召南编著
210    @a重庆@c西南师范大学出版社@d2008.06
215    @a108页@c图@d29cm
225 2  @a全国高等院校环境艺术设计专业规划教材@Aquan guo gao deng yuan xiao huan jing yi shu she ji zhuan ye gui hua jiao cai
320    @a有书目 (第108页)
330    @a本书主要包括: 生命与水构成的生态关系、生态现象, 水的物理特征与形式作用, 生态水景观的场地作用与尺度关系, 生态水景观的设计原则与形式要素, 固态水景观, 水景与动植物等内容。
410  0 @12001 @a全国高等院校环境艺术设计专业规划教材
606 0  @a理水 (园林)@Ali shui ( yuan lin )@x景观设计@x高等学校@j教材
690    @aTU986.4@v4
701  0 @a潘召南@Apan zhao nan@4编著
801  0 @aCN@bRENTIAN@c20080802
905    @aBZT@dTU986.4@e11
    
    生态水景观设计/潘召南编著.-重庆:西南师范大学出版社,2008.06
    108页:图;29cm.-(全国高等院校环境艺术设计专业规划教材)
    
    
    ISBN 978-7-5621-4071-9:CNY45.00
    本书主要包括: 生命与水构成的生态关系、生态现象, 水的物理特征与形式作用, 生态水景观的场地作用与尺度关系, 生态水景观的设计原则与形式要素, 固态水景观, 水景与动植物等内容。
●
相关链接 在五车中查询图书 在当当中查询图书 在豆瓣中查询图书


正题名:生态水景观设计     索取号:TU986.4/11         预约/预借

序号 登录号 条形码 馆藏地/架位号 状态 备注
1 2001119994   2001119994   515书库/ [索取号:TU986.4/11] 在馆    
2 2001119995   2001119995   515书库/ [索取号:TU986.4/11] 在馆    
3 2001119996   2001119996   515书库/ [索取号:TU986.4/11] 在馆    
4 2001119997   2001119997   515书库/ [索取号:TU986.4/11] 在馆    
5 2001119998   2001119998   515书库/ [索取号:TU986.4/11] 在馆    
6 2001119999   2001119999   515书库/ [索取号:TU986.4/11] 在馆    
7 2001120000   2001120000   515书库/ [索取号:TU986.4/11] 在馆    
8 2001120001   2001120001   515书库/ [索取号:TU986.4/11] 在馆    
9 2001120002   2001120002   515书库/ [索取号:TU986.4/11] 在馆    
10 2001120003   2001120003   515书库/ [索取号:TU986.4/11] 在馆    
11 2001120004   2001120004   共建书房-机电学院/ [索取号:TU986.4/11] 在馆    
12 2001120005   2001120005   共建书房-机电学院/ [索取号:TU986.4/11] 在馆    
13 2001120006   2001120006   共建书房-机电学院/ [索取号:TU986.4/11] 在馆    
14 2001120007   2001120007   共建书房-机电学院/ [索取号:TU986.4/11] 在馆    
15 2001120008   2001120008   515书库/ [索取号:TU986.4/11] 在馆    
16 2001120009   2001120009   共建书房-机电学院/ [索取号:TU986.4/11] 在馆    
17 2001120010   2001120010   515书库/ [索取号:TU986.4/11] 在馆    
18 2001120011   2001120011   515书库/ [索取号:TU986.4/11] 在馆    
19 2001120012   2001120012   515书库/ [索取号:TU986.4/11] 在馆    
20 2001120013   2001120013   515书库/ [索取号:TU986.4/11] 在馆    
21 2001120014   2001120014   515书库/ [索取号:TU986.4/11] 在馆    
22 2001120015   2001120015   515书库/ [索取号:TU986.4/11] 在馆    
23 2001120016   2001120016   515书库/ [索取号:TU986.4/11] 在馆    
24 2001120017   2001120017   515书库/ [索取号:TU986.4/11] 在馆    
25 2001120018   2001120018   515书库/ [索取号:TU986.4/11] 在馆    
26 2001120019   2001120019   515书库/ [索取号:TU986.4/11] 在馆    
27 2001120020   2001120020   515书库/ [索取号:TU986.4/11] 在馆    
28 2001120021   2001120021   515书库/ [索取号:TU986.4/11] 在馆    
29 2001120022   2001120022   515书库/ [索取号:TU986.4/11] 在馆    
30 2001120023   2001120023   515书库/ [索取号:TU986.4/11] 在馆    
山东省滨州职业学院图书馆 欢迎您!
大连网信软件有限公司© 版权所有